00805cam a22002171 450000100060000000300080000600500170001400800390003103500190007003500190008904000420010804100080015008200210015810000230017924500860020226000470028830000420033550400510037765100840042865100750051227961BD-RjUL20211209051225.0140329r19601960nyuab 001 0 eng a(BD-RjUL)28042 a(OCoLC)1150456 aDLCcTxU-DadOCoLCdDLCdBD-RjULbeng aeng a973.02bSMO 19601 aSmelser, Marshall.13aAn outline of American Colonial and Revolutionary history /cby Marshall Smelser. aNew York :bBarnes & Noble,cc1950 [1960]. avii, 263 p. :billus., maps ;c21 cm. aIncludes bibliographical references and index. 0aUnited StatesxHistoryyColonial period, ca. 1600-1775xOutlines, syllabi, etc. 0aUnited StatesxHistoryyRevolution, 1775-1783xOutlines, syllabi, etc.